Score 0/14 Timer 02:00
3 Plays Today
% Correct
US Presidents (Last Name)
91%
US States
89.5%
Original 64 Crayola Colors
89.3%
Big 4 Teams
86.6%
Shakespeare Plays
86.5%
Premier League Clubs
83%
Oscar Best Pictures
79%
% Correct
Chinese Zodiac Signs
78.8%
Countries of the World
78.5%
Books of the Bible
77%
Kevin Spacey Movies
74.9%
Greek Olympian Gods
61.6%
Constellations
56.5%
Pope Names
55.8%
Remove Ads.
Support Sporcle.
Get the best of Sporcle when you Go Orange. This ad-free experience offers more features, more stats, and more fun while also helping to support Sporcle. Thank you for becoming a member.

You're not logged in!

Compare scores with friends on all Sporcle quizzes.
OR
Log In

Sporcle TV

Today on Sporcle TV


Watch our educational content, quiz creation guides, and fun videos on Sporcle TV.

Show Comments

Extras

Top Quizzes Today


Score Distribution

Paid Content

Your Account Isn't Verified!

In order to create a playlist on Sporcle, you need to verify the email address you used during registration. Go to your Sporcle Settings to finish the process.

Report this User

Report this user for behavior that violates our Community Guidelines.

Details: